Six-Letter UK Trivia Chain - Statistics

General Stats
  • This quiz has been taken 647 times
    628 since last reset
  • The average score is 11 of 25
Answer Stats
Hint Answer % Correct
River running through London Thames
92%
City on which UK version of Monopoly is based London
91%
Colour representing the Liberal Democrats Yellow
86%
Prince born in 2013 George
82%
British slang for "stolen" Nicked
80%
Slang term for a £10 note Tenner
77%
Wye, Forth, and Mersey are all these Rivers
69%
Southwest English county Dorset
62%
Type of fictional creature from Wimbledon Womble
57%
Royal dynasty beginning with King James I Stuart
51%
Greater Manchester town or type of cake Eccles
47%
Division of Yorkshire Riding
46%
Welsh industrial town: Merthyr ______ Tydfil
38%
City home to the Met Office Exeter
30%
Seaside town home to bi-annual Goth Weekend Whitby
29%
Cambridge-based university: Anglia ______ Ruskin
24%
National Park or type of pony Exmoor
23%
River separating East Yorkshire and Lincolnshire Humber
23%
Somerset postal town Yeovil
23%
Largest county in Northern Ireland Tyrone
17%
South Shropshire market town Ludlow
15%
UK's most ethnically diverse town (as of 2011) Slough
15%
Isle of Man town or Pembrokeshire island Ramsey
8%
Southeast district of Cardiff Splott
6%
Forest of Dean market town Newent
1%
No matching quizzes found
Score Distribution
Percent of People with Each Score
Percentile by Number Answered
Your Score History
You have not taken this quiz since the last reset